000
00265nam a2200109Ia 4500
008
220204s9999 xx 000 0 und d
082
_a
002
_b
RAN
100
_a
Ranganathan, S R
245
0
_a
Documentation and its facets
260
_a
Bombay
_b
Asia
_c
1963
942
_c
BK
999
_c
19956
_d
19956